000 00355nam a2200169Ia 4500
003 0STCL
008 150530s9999 xx 000 0 und d
040 _aSTCL
_cSTCL
100 _aBalakrishnan P
245 _aKalarippayattu
260 _c1994
300 _a0
546 _aMalayalam
942 _2ddc
_cBK
999 _c43966
_d43966
005 20220125170623.0